<?xml version="1.0" encoding="UTF-8"?>
<record
    xmlns:xsi="http://www.w3.org/2001/XMLSchema-instance"
    xsi:schemaLocation="http://www.loc.gov/MARC21/slim http://www.loc.gov/standards/marcxml/schema/MARC21slim.xsd"
    xmlns="http://www.loc.gov/MARC21/slim">

  <leader>01354nam a22002417a 4500</leader>
  <controlfield tag="008">140202b        ck ||||| |||| 00| 0 spa d</controlfield>
  <datafield tag="020" ind1=" " ind2=" ">
    <subfield code="a">978-970-10-3552-8 -- 970-10-3532-6</subfield>
  </datafield>
  <datafield tag="082" ind1="0" ind2="4">
    <subfield code="a">658.154 / C266p</subfield>
  </datafield>
  <datafield tag="100" ind1="1" ind2=" ">
    <subfield code="a">C&#xE1;rdenas y N&#xE1;poles, Ra&#xFA;l Andr&#xE9;s</subfield>
    <subfield code="9">34536</subfield>
  </datafield>
  <datafield tag="245" ind1="1" ind2="0">
    <subfield code="a">Presupuestos : teor&#xED;a y pr&#xE1;ctica / Ra&#xFA;l Andr&#xE9;s C&#xE1;rdenas y N&#xE1;poles ; Rev. t&#xE9;c. Jos&#xE9; Luis Delgado Serrano,</subfield>
  </datafield>
  <datafield tag="245" ind1="1" ind2="0">
    <subfield code="a">Juan Manuel L&#xF3;pez Torres, Daniel Ayala Rodr&#xED;guez</subfield>
  </datafield>
  <datafield tag="264" ind1=" " ind2=" ">
    <subfield code="a">M&#xE9;xico : McGraw Hill Interamericana, 2002</subfield>
  </datafield>
  <datafield tag="300" ind1=" " ind2=" ">
    <subfield code="a">xvi, 158 p. : il., cuadros y tablas ; 24 cm. +1 disquete</subfield>
  </datafield>
  <datafield tag="505" ind1="0" ind2="0">
    <subfield code="a">Conceptos y clases de presupuestos -- Conceptos gen&#xE9;ricos acerca de los presupuestos, su importancia y su</subfield>
  </datafield>
  <datafield tag="505" ind1="0" ind2="0">
    <subfield code="a">estructura y elaboraci&#xF3;n -- El presupuesto maestro y los costos -- La importancia de los costos como base de</subfield>
  </datafield>
  <datafield tag="505" ind1="0" ind2="0">
    <subfield code="a">la pr&#xE1;ctica presupuestal -- Diferentes enfoques del presupuesto -- Por &#xE1;reas y niveles o centros de</subfield>
  </datafield>
  <datafield tag="505" ind1="0" ind2="0">
    <subfield code="a">responsabilidad -- Flujos de caja -- Optimizaci&#xF3;n de las cuentas por cobrar -- Presupuesto de capital --</subfield>
  </datafield>
  <datafield tag="505" ind1="0" ind2="0">
    <subfield code="a">T&#xE9;cnicas para su elaboraci&#xF3;n-- Costo de capital -- La inform&#xE1;tica y los presupuestos -- Las hojas electr&#xF3;nicas</subfield>
  </datafield>
  <datafield tag="505" ind1="0" ind2="0">
    <subfield code="a">-- Bibliograf&#xED;a --</subfield>
  </datafield>
  <datafield tag="650" ind1="1" ind2="4">
    <subfield code="a">Presupuestos</subfield>
    <subfield code="9">128432</subfield>
  </datafield>
  <datafield tag="650" ind1="1" ind2="4">
    <subfield code="a">Costos de produccion</subfield>
    <subfield code="9">105067</subfield>
  </datafield>
  <datafield tag="650" ind1="1" ind2="4">
    <subfield code="a">Flujo de caja </subfield>
    <subfield code="9">110880</subfield>
  </datafield>
  <datafield tag="999" ind1=" " ind2=" ">
    <subfield code="c">31927</subfield>
    <subfield code="d">31927</subfield>
  </datafield>
</record>
